[Event "CZE-chT 2324"]
[Site "Czech Republic"]
[Date "2023.10.14"]
[Round "1.2"]
[White "Cerveny, Martin"]
[Black "Klima, Lukas"]
[Result "1-0"]
[WhiteElo "2388"]
[BlackElo "2325"]
[PlyCount "63"]
[EventDate "2023.10.14"]
[EventType "team-tourn"]
[EventRounds "11"]
[EventCountry "CZE"]
[SourceTitle "Mega2024 Update 01"]
[Source "Chessbase"]
[SourceDate "2023.11.12"]
[SourceVersion "1"]
[SourceVersionDate "2023.11.12"]
[SourceQuality "1"]
[WhiteTeam "Lysa nad Labem"]
[BlackTeam "Poruba Slavoj"]
[WhiteTeamCountry "CZE"]
[BlackTeamCountry "CZE"]

1. Nf3 c5 2. c4 Nc6 3. Nc3 e5 4. g3 g6 5. Bg2 Bg7 6. 0-0 d6 7. a3 a5 8. Ne1 Be6 9. d3 Nge7 10. Nc2 d5 11. cxd5 Nxd5 12. Ne3 Nde7 13. Nc4 0-0 14. Bg5 f6 15. Be3 b6 16. Qa4 Rc8 17. Qb5 Nd4 18. Bxd4 cxd4 19. Ne4 Bh6 20. f4 exf4 21. gxf4 Nd5 22. Ncd6 Rc2 23. f5 gxf5 24. Nxf5 Bxf5 25. Rxf5 Ne3 26. Rh5 Bf4 27. Kh1 Qc7 28. Rg1 Rc1 29. Nxf6+ Rxf6 30. Qe8+ Kg7 31. Rxh7+ Kxh7 32. Be4+ 1-0

[Event "Pobeskydy IM"]
[Site "Frydek Mistek"]
[Date "2023.04.07"]
[Round "3"]
[White "Klima, Lukas"]
[Black "Babula, Vlastimil1111"]
[Result "1-0"]
[WhiteElo "2338"]
[BlackElo "2326"]
[PlyCount "57"]
[EventDate "2023.04.06"]
[EventType "tourn"]
[EventRounds "9"]
[EventCountry "CZE"]
[EventCategory "2"]
[SourceTitle "CBM 213 Extra"]
[Source "ChessBase"]
[SourceDate "2023.05.31"]
[SourceVersion "1"]
[SourceVersionDate "2023.05.31"]
[SourceQuality "1"]

1. e4 c5 2. Nf3 d6 3. d4 cxd4 4. Nxd4 Nf6 5. Nc3 a6 6. Bc4 e6 7. a3 Be7 8. 0-0 0-0 9. Ba2 Qc7 10. f4 b5 11. f5 e5 12. Nde2 Bb7 13. Ng3 Nbd7 14. Bg5 Nb6 15. Nh5 Qd8 16. Bxf6 Bxf6 17. Qg4 Kh8 18. Rad1 Rc8 19. Rd3 Qe7 20. Rg3 Nc4 21. Rff3 Nd2 22. Re3 Nc4 23. Rd3 Nxb2 24. Nxf6 Qxf6 25. Rxd6 Rxc3 26. Rxf6 Rxg3 27. Rxf7 Rxf7 28. Qxg3 Re7 29. f6 1-0

[Event "CZE-chT1E 2223"]
[Site "Czech Republic"]
[Date "2023.02.25"]
[Round "8.1"]
[White "Hladky, Tadeas"]
[Black "Klima, Lukas"]
[Result "1/2-1/2"]
[WhiteElo "1963"]
[BlackElo "2348"]
[PlyCount "72"]
[EventDate "2022.10.08"]
[EventType "team-tourn"]
[EventRounds "11"]
[EventCountry "CZE"]
[SourceTitle "CBM 213 Extra"]
[Source "ChessBase"]
[SourceDate "2023.05.31"]
[SourceVersion "1"]
[SourceVersionDate "2023.05.31"]
[SourceQuality "1"]
[WhiteTeam "Jundrov Jezdci"]
[BlackTeam "Poruba Slavoj"]
[WhiteTeamCountry "CZE"]
[BlackTeamCountry "CZE"]

1. e4 c5 2. Nf3 Nc6 3. Bb5 g6 4. 0-0 Bg7 5. Re1 e5 6. b4 cxb4 7. a3 Nge7 8. axb4 0-0 9. Bxc6 dxc6 10. Bb2 Qc7 11. d3 h6 12. Nbd2 Bg4 13. Ra3 g5 14. Qa1 Ng6 15. Rxa7 Rxa7 16. Qxa7 Nf4 17. Qa5 b6 18. Qa1 f6 19. d4 Qd7 20. Re3 exd4 21. Bxd4 c5 22. bxc5 bxc5 23. Bc3 Rd8 24. h3 Bxf3 25. Nxf3 g4 26. hxg4 Qxg4 27. Qf1 Rd1 28. Re1 Rxe1 29. Bxe1 Qe6 30. Nd2 f5 31. g3 Ng6 32. exf5 Qxf5 33. Qc4+ Kf8 34. Nb3 Ne5 35. Qxc5+ Kg8 36. Qe3 Qxc2 1/2-1/2

[Event "CZE-chT1E 2223"]
[Site "Czech Republic"]
[Date "2023.01.29"]
[Round "7.6"]
[White "Klima, Lukas"]
[Black "Lojek, Marek"]
[Result "1/2-1/2"]
[WhiteElo "2348"]
[BlackElo "2125"]
[PlyCount "49"]
[EventDate "2022.10.08"]
[EventType "team-tourn"]
[EventRounds "11"]
[EventCountry "CZE"]
[SourceTitle "CBM 213 Extra"]
[Source "ChessBase"]
[SourceDate "2023.05.31"]
[SourceVersion "1"]
[SourceVersionDate "2023.05.31"]
[SourceQuality "1"]
[WhiteTeam "Poruba Slavoj"]
[BlackTeam "Orlova Slavia"]
[WhiteTeamCountry "CZE"]
[BlackTeamCountry "CZE"]

1. e4 e5 2. Nf3 Nc6 3. Bb5 Nf6 4. 0-0 Nxe4 5. Re1 Nd6 6. Nxe5 Nxe5 7. Rxe5+ Be7 8. Bf1 0-0 9. d4 Bf6 10. Bd3 Bxe5 11. dxe5 Ne8 12. Nc3 d6 13. Qh5 g6 14. Qh6 d5 15. Bg5 f6 16. exf6 Nxf6 17. Bxg6 hxg6 18. Qxg6+ Kh8 19. Nxd5 Qxd5 20. Bxf6+ Rxf6 21. Qxf6+ Kg8 22. Re1 Bd7 23. Qg6+ Kf8 24. Qf6+ Kg8 25. Qg6+ 1/2-1/2

[Event "Moravia-Silesia Region-chT 2223"]
[Site "Czech Republic"]
[Date "2023.01.29"]
[Round "7"]
[White "Klima, Lukas"]
[Black "Lys, Josef"]
[Result "0-1"]
[WhiteElo "2338"]
[BlackElo "2032"]
[PlyCount "70"]
[EventDate "2022.10.09"]
[EventType "team-tourn"]
[EventRounds "11"]
[EventCountry "CZE"]
[SourceTitle "EXT 2024"]
[Source "ChessBase"]
[SourceDate "2023.10.10"]
[SourceVersion "1"]
[SourceVersionDate "2023.10.10"]
[SourceQuality "1"]
[WhiteTeam "Poruba Slavoj IV"]
[BlackTeam "Havirov Banik"]
[WhiteTeamCountry "CZE"]
[BlackTeamCountry "CZE"]

1. e4 d6 2. d4 Nf6 3. Nc3 c6 4. f4 Qc7 5. Nf3 Bg4 6. h3 Bxf3 7. Qxf3 e6 8. Be3 Be7 9. g4 h6 10. 0-0-0 Nbd7 11. Bd3 0-0-0 12. g5 Ne8 13. gxh6 Rxh6 14. f5 Rh8 15. fxe6 fxe6 16. Qf7 Nf8 17. d5 Qd7 18. dxc6 bxc6 19. Nd5 exd5 20. exd5 Bf6 21. Bf5 Qxf5 22. Qxa7 c5 23. Bxc5 dxc5 24. Qxc5+ Kd7 25. Qa7+ Kd6 26. Rhe1 Qf4+ 27. Kb1 Qb4 28. c3 Qb5 29. a4 Qb3 30. Qa6+ Kc7 31. Qc6+ Kb8 32. Rxe8 Qxd1+ 33. Ka2 Rxe8 34. d6 Re7 35. dxe7 Bxe7 0-1

[Event "CZE-chT2F 2223"]
[Site "Czech Republic"]
[Date "2022.10.16"]
[Round "1"]
[White "Klima, Lukas"]
[Black "Gibiec, Ernest"]
[Result "1-0"]
[WhiteElo "2338"]
[BlackElo "2131"]
[PlyCount "43"]
[EventDate "2022.10.16"]
[EventType "team-tourn"]
[EventRounds "11"]
[EventCountry "CZE"]
[SourceTitle "EXT 2024"]
[Source "ChessBase"]
[SourceDate "2023.10.10"]
[SourceVersion "1"]
[SourceVersionDate "2023.10.10"]
[SourceQuality "1"]
[WhiteTeam "Poruba Slavoj III"]
[BlackTeam "Cesky Tesin Slavoj"]
[WhiteTeamCountry "CZE"]
[BlackTeamCountry "CZE"]

1. e4 d6 2. d4 Nf6 3. Nc3 g6 4. Be3 Bg7 5. Qd2 a6 6. Bh6 0-0 7. f3 b5 8. h4 e5 9. Nge2 Nc6 10. d5 Na5 11. Ng3 c6 12. b4 Nc4 13. Bxc4 bxc4 14. dxc6 Be6 15. h5 d5 16. Bxg7 Kxg7 17. hxg6 fxg6 18. exd5 Bxd5 19. Rd1 Ra7 20. Nxd5 Nxd5 21. Qxd5 Qg5 22. Kf2 1-0

[Event "CZE-chT1E 2223"]
[Site "Czech Republic"]
[Date "2022.10.08"]
[Round "1.5"]
[White "Klima, Lukas"]
[Black "Schoupal, Patrik"]
[Result "1-0"]
[WhiteElo "2348"]
[BlackElo "1960"]
[PlyCount "47"]
[EventDate "2022.10.08"]
[EventType "team-tourn"]
[EventRounds "11"]
[EventCountry "CZE"]
[SourceTitle "CBM 210 Extra"]
[Source "ChessBase"]
[SourceDate "2022.11.30"]
[SourceVersion "1"]
[SourceVersionDate "2022.11.30"]
[SourceQuality "1"]
[WhiteTeam "Poruba Slavoj"]
[BlackTeam "Trinec"]
[WhiteTeamCountry "CZE"]
[BlackTeamCountry "CZE"]

1. e4 e5 2. Nf3 Nc6 3. Bb5 f5 4. d4 fxe4 5. Nxe5 Nxe5 6. dxe5 c6 7. Nc3 cxb5 8. Nxe4 d6 9. 0-0 d5 10. Bg5 Qd7 11. e6 Qxe6 12. Nc3 Kf7 13. Nxd5 Qg4 14. Qd2 Nf6 15. Nc7 Qd7 16. Qxd7+ Bxd7 17. Nxa8 Bd6 18. Rad1 Ke7 19. Rfe1+ Be6 20. Re2 Re8 21. Rxd6 Kxd6 22. Bf4+ Kc6 23. Nc7 Rd8 24. Rxe6+ 1-0

[Event "CZE-chT 2122"]
[Site "Czech Republic"]
[Date "2022.04.10"]
[Round "15.2"]
[White "Klima, Lukas"]
[Black "Worek, Joanna"]
[Result "0-1"]
[WhiteElo "2352"]
[BlackElo "2313"]
[PlyCount "78"]
[EventDate "2021.10.15"]
[EventType "team-tourn"]
[EventRounds "15"]
[EventCountry "CZE"]
[SourceTitle "EXT 2023"]
[Source "ChessBase"]
[SourceDate "2022.10.05"]
[SourceVersion "1"]
[SourceVersionDate "2022.10.05"]
[SourceQuality "1"]
[WhiteTeam "Poruba Slavoj"]
[BlackTeam "Kromeriz Slavia"]
[WhiteTeamCountry "CZE"]
[BlackTeamCountry "CZE"]

1. e4 c5 2. Nf3 d6 3. d4 cxd4 4. Nxd4 Nf6 5. Nc3 Nc6 6. g3 Nxd4 7. Qxd4 g6 8. Bg5 Bg7 9. Bb5+ Bd7 10. Bxd7+ Qxd7 11. Nd5 Nh5 12. Qb4 e6 13. Nf4 a5 14. Qd2 Bxb2 15. Rb1 Qc6 16. 0-0 Bc3 17. Qd3 h6 18. Rb6 Qxb6 19. Qxc3 Kd7 20. Nxh5 hxg5 21. Nf6+ Ke7 22. Ng4 Rh5 23. Rd1 Qc5 24. Qf6+ Kf8 25. Rd3 Qxc2 26. Rf3 Rh7 27. e5 Qe4 28. exd6 Qxg4 29. d7 Qh3 30. d8Q+ Rxd8 31. Qxd8+ Kg7 32. Qf6+ Kh6 33. Qe7 f5 34. Qf8+ Kh5 35. Qg8 Kg4 36. Rd3 Qxh2+ 37. Kf1 Qh1+ 38. Ke2 Qe4+ 39. Kd2 Qb4+ 0-1

[Event "CZE-chT 2122"]
[Site "Czech Republic"]
[Date "2022.04.09"]
[Round "14.1"]
[White "Vrana, Jan"]
[Black "Klima, Lukas"]
[Result "1/2-1/2"]
[WhiteElo "2409"]
[BlackElo "2352"]
[PlyCount "57"]
[EventDate "2021.10.15"]
[EventType "team-tourn"]
[EventRounds "15"]
[EventCountry "CZE"]
[SourceTitle "EXT 2023"]
[Source "ChessBase"]
[SourceDate "2022.10.05"]
[SourceVersion "1"]
[SourceVersionDate "2022.10.05"]
[SourceQuality "1"]
[WhiteTeam "Pardubice"]
[BlackTeam "Poruba Slavoj"]
[WhiteTeamCountry "CZE"]
[BlackTeamCountry "CZE"]

1. e4 c5 2. c3 d5 3. exd5 Qxd5 4. d4 g6 5. Nf3 Bg7 6. Na3 cxd4 7. Bc4 Qe4+ 8. Be3 Nh6 9. Nb5 0-0 10. cxd4 Nc6 11. Nc3 Qf5 12. h3 Qa5 13. Qe2 Nf5 14. Rd1 e5 15. dxe5 Nxe3 16. Qxe3 Nxe5 17. Nxe5 Qxe5 18. 0-0 Qxe3 19. fxe3 Rb8 20. Nb5 Be6 21. Bxe6 fxe6 22. Rd7 Bh6 23. Rxf8+ Rxf8 24. Rxb7 Bxe3+ 25. Kh2 Rf2 26. Nxa7 Bf4+ 27. Kg1 Be3 28. Kh2 Bf4+ 29. Kg1 1/2-1/2

[Event "CZE-chT1E 2122"]
[Site "Czech Republic"]
[Date "2022.03.26"]
[Round "10.5"]
[White "Klima, Lukas"]
[Black "Kusa, Jakub"]
[Result "1/2-1/2"]
[WhiteElo "2352"]
[BlackElo "2303"]
[PlyCount "96"]
[EventDate "2021.10.09"]
[EventType "team-tourn"]
[EventRounds "11"]
[EventCountry "CZE"]
[SourceTitle "EXT 2023"]
[Source "ChessBase"]
[SourceDate "2022.10.05"]
[SourceVersion "1"]
[SourceVersionDate "2022.10.05"]
[SourceQuality "1"]
[WhiteTeam "Poruba Slavoj II"]
[BlackTeam "Brno Moravska Slavia II"]
[WhiteTeamCountry "CZE"]
[BlackTeamCountry "CZE"]

1. e4 e5 2. Nf3 Nc6 3. Bb5 a6 4. Ba4 Nf6 5. d3 b5 6. Bb3 Bc5 7. 0-0 0-0 8. a4 Rb8 9. axb5 axb5 10. Nc3 h6 11. Nd5 d6 12. Be3 Bb7 13. c3 Nxd5 14. Bxd5 Qe7 15. b4 Bxe3 16. fxe3 Ra8 17. Qe2 Rxa1 18. Rxa1 Ra8 19. Rxa8+ Bxa8 20. d4 Qf8 21. Qxb5 Ne7 22. Qa5 Bxd5 23. exd5 e4 24. Qxc7 exf3 25. Qxd6 fxg2 26. b5 Qa8 27. c4 Nf5 28. Qe5 Qc8 29. Kxg2 g6 30. c5 Qa8 31. b6 Qa2+ 32. Kf1 Qd2 33. b7 Qc1+ 34. Ke2 Qb2+ 35. Kd3 Qb3+ 36. Kd2 Qxb7 37. d6 Qb2+ 38. Kd3 Qb3+ 39. Kd2 Qb2+ 40. Kd3 Qb5+ 41. Kc3 h5 42. Qe4 h4 43. Qd3 Qa4 44. e4 Qa3+ 45. Kc2 Qa2+ 46. Kc3 Qa3+ 47. Kc2 Qa2+ 48. Kc3 Qa3+ 1/2-1/2

[Event "CZE-chT1E 2122"]
[Site "Czech Republic"]
[Date "2022.01.23"]
[Round "7.6"]
[White "Klima, Lukas"]
[Black "Marek, Matyas"]
[Result "1/2-1/2"]
[WhiteElo "2352"]
[BlackElo "2372"]
[PlyCount "96"]
[EventDate "2021.10.09"]
[EventType "team-tourn"]
[EventRounds "11"]
[EventCountry "CZE"]
[SourceTitle "EXT 2023"]
[Source "ChessBase"]
[SourceDate "2022.10.05"]
[SourceVersion "1"]
[SourceVersionDate "2022.10.05"]
[SourceQuality "1"]
[WhiteTeam "Poruba Slavoj II"]
[BlackTeam "Chotebor"]
[WhiteTeamCountry "CZE"]
[BlackTeamCountry "CZE"]

1. d4 Nf6 2. Nc3 d5 3. Bf4 e6 4. e3 Bb4 5. Bd3 c5 6. dxc5 Nbd7 7. Nf3 Nxc5 8. 0-0 0-0 9. h3 b6 10. Nb5 Nxd3 11. cxd3 Bd7 12. Nbd4 Qe7 13. Ne5 Rfc8 14. Nxd7 Nxd7 15. Qa4 Bd6 16. Bxd6 Qxd6 17. Rfc1 Nc5 18. Qa3 e5 19. Ne2 Qd7 20. d4 exd4 21. Nxd4 Ne4 22. Qd3 Rxc1+ 23. Rxc1 Rc8 24. Rc2 Nd6 25. Ne2 Rxc2 26. Qxc2 Ne8 27. Qd3 Nc7 28. Nc3 h6 29. Qd4 Qc6 30. Qe5 Kf8 31. g4 Qd7 32. f4 f6 33. Qd4 Qc6 34. f5 Ke7 35. Qf4 Qd6 36. Ne2 Qc5 37. Kf2 Qc2 38. Qb4+ Qc5 39. Nd4 Kd7 40. Qa4+ b5 41. Qc2 Qd6 42. Kf3 a6 43. a3 a5 44. a4 bxa4 45. Qxa4+ Kc8 46. Qc2 Kd7 47. Nb3 Qb4 48. Nd4 Qe1 1/2-1/2

[Event "CZE-chT 2122"]
[Site "Czech Republic"]
[Date "2021.12.19"]
[Round "6.1"]
[White "Klima, Lukas"]
[Black "Kusa, Jakub"]
[Result "1/2-1/2"]
[WhiteElo "2352"]
[BlackElo "2303"]
[PlyCount "71"]
[EventDate "2021.10.15"]
[EventType "team-tourn"]
[EventRounds "15"]
[EventCountry "CZE"]
[SourceTitle "EXT 2023"]
[Source "ChessBase"]
[SourceDate "2022.10.05"]
[SourceVersion "1"]
[SourceVersionDate "2022.10.05"]
[SourceQuality "1"]
[WhiteTeam "Poruba Slavoj"]
[BlackTeam "Brno Moravska Slavia"]
[WhiteTeamCountry "CZE"]
[BlackTeamCountry "CZE"]

1. e4 e5 2. Nf3 Nc6 3. Bb5 a6 4. Ba4 Nf6 5. d4 exd4 6. 0-0 Be7 7. Re1 b5 8. e5 Nxe5 9. Rxe5 d6 10. Re1 bxa4 11. Nxd4 Bd7 12. Qf3 0-0 13. Nc6 Bxc6 14. Qxc6 Nd7 15. Qxa4 Bf6 16. Nd2 Nc5 17. Qc6 Re8 18. Ne4 Nxe4 19. Rxe4 Rxe4 20. Qxe4 Rb8 21. Rb1 Qd7 22. Be3 a5 23. b3 a4 24. h3 axb3 25. axb3 d5 26. Rd1 c6 27. Qg4 Qxg4 28. hxg4 h6 29. Kf1 Re8 30. Bd4 Bxd4 31. Rxd4 g6 32. Ra4 Kg7 33. Ra7 g5 34. Rc7 Re6 35. f3 Kg6 36. Kf2 1/2-1/2

[Event "CZE-chT1E 2122"]
[Site "Czech Republic"]
[Date "2021.12.12"]
[Round "5.5"]
[White "Klima, Lukas"]
[Black "Zylka, Stanislaw"]
[Result "1-0"]
[WhiteElo "2352"]
[BlackElo "2338"]
[PlyCount "93"]
[EventDate "2021.10.09"]
[EventType "team-tourn"]
[EventRounds "11"]
[EventCountry "CZE"]
[SourceTitle "EXT 2023"]
[Source "ChessBase"]
[SourceDate "2022.10.05"]
[SourceVersion "1"]
[SourceVersionDate "2022.10.05"]
[SourceQuality "1"]
[WhiteTeam "Poruba Slavoj II"]
[BlackTeam "Orlova Slavia"]
[WhiteTeamCountry "CZE"]
[BlackTeamCountry "CZE"]

1. e4 d5 2. exd5 Qxd5 3. Nc3 Qa5 4. d4 Nf6 5. Nf3 Bf5 6. Bd2 e6 7. Ne4 Qb6 8. Nxf6+ gxf6 9. Bc4 Nc6 10. 0-0 0-0-0 11. d5 exd5 12. Nh4 dxc4 13. Nxf5 Rg8 14. Qh5 Qc5 15. Qxh7 Bd6 16. Nxd6+ Qxd6 17. Bc3 Qd5 18. Qh3+ f5 19. g3 b5 20. Rad1 Qf3 21. Rxd8+ Rxd8 22. Qg2 Qxg2+ 23. Kxg2 b4 24. Bg7 Rg8 25. Bh6 Kd7 26. Rd1+ Ke6 27. Bf4 Rc8 28. h4 f6 29. h5 Ne5 30. h6 a5 31. h7 Rh8 32. Rh1 a4 33. Bxe5 fxe5 34. Rh6+ Kd5 35. Kf3 b3 36. axb3 cxb3 37. cxb3 axb3 38. g4 fxg4+ 39. Kxg4 Ke4 40. Kg5 Kd3 41. Rh2 c5 42. Kg6 c4 43. Kg7 Rxh7+ 44. Kxh7 c3 45. bxc3 b2 46. Rh1 Kxc3 47. Kg6 1-0

[Event "CZE-chT1E 2122"]
[Site "Czech Republic"]
[Date "2021.11.27"]
[Round "3.1"]
[White "Klima, Lukas"]
[Black "Plat, Vojtech"]
[Result "0-1"]
[WhiteElo "2352"]
[BlackElo "2546"]
[PlyCount "70"]
[EventDate "2021.10.09"]
[EventType "team-tourn"]
[EventRounds "11"]
[EventCountry "CZE"]
[SourceTitle "EXT 2023"]
[Source "ChessBase"]
[SourceDate "2022.10.05"]
[SourceVersion "1"]
[SourceVersionDate "2022.10.05"]
[SourceQuality "1"]
[WhiteTeam "Poruba Slavoj II"]
[BlackTeam "Hostalkova"]
[WhiteTeamCountry "CZE"]
[BlackTeamCountry "CZE"]

1. e4 g6 2. d4 Bg7 3. Nc3 d5 4. Nf3 dxe4 5. Nxe4 Nc6 6. c3 Nf6 7. Nxf6+ exf6 8. Be2 0-0 9. 0-0 Be6 10. Re1 Qd6 11. h3 Rad8 12. Bf1 Ne7 13. Nd2 b6 14. Ne4 Qc6 15. a4 Nf5 16. a5 Bd5 17. f3 Rfe8 18. Qa4 Qxa4 19. Rxa4 Nd6 20. axb6 axb6 21. Bd2 Bc6 22. Ra7 Bxe4 23. fxe4 c5 24. Bf4 cxd4 25. cxd4 Rxe4 26. Rxe4 Nxe4 27. Bc4 Rf8 28. d5 f5 29. Bb5 Bxb2 30. Be3 Be5 31. Kf1 Rb8 32. Re7 Bd6 33. Rd7 Ra8 34. Bd4 Bc5 35. Bc6 Ng3+ 0-1

[Event "CZE-chT1E 1920"]
[Site "Czech Republic"]
[Date "2020.03.01"]
[Round "9.3"]
[White "Belunek, Vladimir"]
[Black "Klima, Lukas"]
[Result "0-1"]
[WhiteElo "2227"]
[BlackElo "2334"]
[PlyCount "78"]
[EventDate "2019.10.20"]
[EventType "team-tourn"]
[EventRounds "11"]
[EventCountry "CZE"]
[SourceTitle "CBM 195 Extra"]
[Source "ChessBase"]
[SourceDate "2020.05.31"]
[SourceVersion "1"]
[SourceVersionDate "2020.05.31"]
[SourceQuality "1"]
[WhiteTeam "Vsetin"]
[BlackTeam "Poruba Slavoj II"]
[WhiteTeamCountry "CZE"]
[BlackTeamCountry "CZE"]

1. d4 Nf6 2. Nf3 g6 3. c4 Bg7 4. Nc3 d6 5. e4 0-0 6. Be2 e5 7. 0-0 Nc6 8. d5 Ne7 9. Ne1 Nd7 10. Be3 f5 11. f3 f4 12. Bf2 g5 13. Rc1 Rf6 14. c5 a6 15. c6 bxc6 16. dxc6 Nf8 17. Nd3 Rg6 18. Nb4 h5 19. Nbd5 Nxd5 20. Nxd5 g4 21. fxg4 hxg4 22. Rc3 Kh8 23. b4 f3 24. Bc4 Ne6 25. a4 Nf4 26. g3 Nh3+ 27. Kh1 Rh6 28. b5 axb5 29. axb5 Rh7 30. b6 cxb6 31. c7 Qg5 32. Nxb6 Nf4 33. h4 Qg6 34. Qd2 Bf6 35. Nxa8 Bxh4 36. gxh4 g3 37. Bxg3 Rxh4+ 38. Kg1 Nh3+ 39. Kh2 Nf2+ 0-1

[Event "CZE-chT1E 1920"]
[Site "Czech Republic"]
[Date "2020.01.19"]
[Round "6.6"]
[White "Klima, Lukas"]
[Black "Cechura, Petr"]
[Result "1/2-1/2"]
[WhiteElo "2334"]
[BlackElo "2214"]
[PlyCount "110"]
[EventDate "2019.10.20"]
[EventType "team-tourn"]
[EventRounds "11"]
[EventCountry "CZE"]
[SourceTitle "CBM 194 Extra"]
[Source "ChessBase"]
[SourceDate "2020.03.31"]
[SourceVersion "1"]
[SourceVersionDate "2020.03.31"]
[SourceQuality "1"]
[WhiteTeam "Poruba Slavoj II"]
[BlackTeam "Rychnov nad Kneznou"]
[WhiteTeamCountry "CZE"]
[BlackTeamCountry "CZE"]

1. e4 c5 2. Nf3 a6 3. c4 e6 4. Nc3 Nf6 5. e5 Ng4 6. h3 Nh6 7. d4 cxd4 8. Nxd4 d6 9. Nf3 Nc6 10. Bg5 Qc7 11. exd6 Bxd6 12. Bd3 Nf5 13. Bxf5 exf5 14. 0-0 0-0 15. Nd5 Qb8 16. Re1 Be6 17. Rc1 Re8 18. Qd2 Bxd5 19. Rxe8+ Qxe8 20. Qxd5 Qe6 21. Rd1 Bf8 22. Qxe6 fxe6 23. Rd7 b5 24. Rc7 Nb4 25. Nd4 bxc4 26. Nxe6 Nxa2 27. Nxf8 Kxf8 28. Be3 a5 29. Bd4 g6 30. Rxc4 Ke7 31. Rc7+ Kd6 32. Rxh7 Kd5 33. Rd7+ Kc4 34. Be5 Ra6 35. f4 Nb4 36. g4 fxg4 37. hxg4 Re6 38. Kg2 g5 39. Bc3 Nd5 40. Bxa5 Re2+ 41. Kf3 Re3+ 42. Kf2 gxf4 43. g5 Rg3 44. Bd8 Kd4 45. Ra7 Ke4 46. Ra4+ Kf5 47. Rd4 Ke5 48. Bf6+ Nxf6 49. gxf6 Rb3 50. f7 Rxb2+ 51. Kf3 Rb8 52. Re4+ Kf6 53. Rxf4+ Ke7 54. f8Q+ Rxf8 55. Rxf8 Kxf8 1/2-1/2

[Event "CZE-chT1E 1920"]
[Site "Czech Republic"]
[Date "2020.01.05"]
[Round "5.1"]
[White "Klima, Lukas"]
[Black "Novosadova, Kristyna"]
[Result "1-0"]
[WhiteElo "2334"]
[BlackElo "2177"]
[PlyCount "103"]
[EventDate "2019.10.20"]
[EventType "team-tourn"]
[EventRounds "11"]
[EventCountry "CZE"]
[SourceTitle "CBM 194 Extra"]
[Source "ChessBase"]
[SourceDate "2020.03.31"]
[SourceVersion "1"]
[SourceVersionDate "2020.03.31"]
[SourceQuality "1"]
[WhiteTeam "Poruba Slavoj II"]
[BlackTeam "Ostrava"]
[WhiteTeamCountry "CZE"]
[BlackTeamCountry "CZE"]

1. e4 e5 2. Nf3 Nc6 3. Bb5 a6 4. Ba4 Nf6 5. 0-0 Be7 6. Re1 b5 7. Bb3 0-0 8. d4 d6 9. c3 Bg4 10. d5 Nb8 11. h3 Bh5 12. Nbd2 h6 13. Nf1 Nh7 14. Ng3 Bxf3 15. Qxf3 Bg5 16. Nf5 g6 17. Nxh6+ Kg7 18. Ng4 Nd7 19. Bc2 Bxc1 20. Raxc1 Qg5 21. Qe3 Qh4 22. Qg3 Qxg3 23. fxg3 Nhf6 24. Nf2 a5 25. Bd3 Rfb8 26. b4 Nh5 27. g4 Nf4 28. Bf1 g5 29. Rc2 Rb7 30. Nd1 Nf6 31. Ne3 axb4 32. cxb4 Ra4 33. Nf5+ Kh7 34. g3 Ng6 35. Rec1 Ne8 36. Rb2 Ra3 37. Rf2 f6 38. Rb2 Nf8 39. Kf2 Nd7 40. Be2 Nb8 41. h4 gxh4 42. gxh4 Nd7 43. g5 fxg5 44. hxg5 Kg6 45. Rg1 Rh3 46. Ne7+ Kh7 47. Nc6 Kg6 48. Rg2 Nb6 49. Rb3 Rh8 50. Rf3 Nd7 51. Ne7+ Kg7 52. g6 1-0

[Event "CZE-chT1E 1920"]
[Site "Czech Republic"]
[Date "2019.11.24"]
[Round "3.2"]
[White "Klima, Lukas"]
[Black "Kawulok, Marek"]
[Result "1-0"]
[WhiteElo "2334"]
[BlackElo "2179"]
[PlyCount "87"]
[EventDate "2019.10.20"]
[EventType "team-tourn"]
[EventRounds "11"]
[EventCountry "CZE"]
[SourceTitle "CBM 193 Extra"]
[Source "ChessBase"]
[SourceDate "2020.01.31"]
[SourceVersion "1"]
[SourceVersionDate "2020.01.31"]
[SourceQuality "1"]
[WhiteTeam "Poruba Slavoj II"]
[BlackTeam "Cesky Tesin"]
[WhiteTeamCountry "CZE"]
[BlackTeamCountry "CZE"]

1. e4 e5 2. Nf3 Nc6 3. Nc3 Nf6 4. d4 exd4 5. Nxd4 Bb4 6. Nxc6 bxc6 7. Bd3 d5 8. exd5 cxd5 9. 0-0 0-0 10. Bg5 c6 11. Na4 h6 12. Bh4 Be6 13. c3 Be7 14. Bc2 Re8 15. Qd3 Ne4 16. Bxe7 Qxe7 17. f3 Nf6 18. Qd4 Bd7 19. Nc5 Rab8 20. b4 Qe3+ 21. Qxe3 Rxe3 22. Bd3 Rbe8 23. Kf2 Bc8 24. Rfe1 Rxe1 25. Rxe1 Rxe1 26. Kxe1 Kf8 27. Kf2 Ke7 28. Ke3 Kd6 29. Kd4 Nd7 30. c4 Nf8 31. cxd5 cxd5 32. f4 Ne6+ 33. Nxe6 Bxe6 34. a4 Bd7 35. a5 Bc8 36. Be2 Bd7 37. g3 f5 38. Bd3 Bc8 39. Bb5 Be6 40. Be8 Bc8 41. Bf7 Bb7 42. b5 a6 43. bxa6 Ba8 44. Bg6 1-0

[Event "CZE-chT1E 1920"]
[Site "Czech Republic"]
[Date "2019.10.20"]
[Round "1.3"]
[White "Klima, Lukas"]
[Black "Skalsky, Alexandr"]
[Result "1-0"]
[WhiteElo "2334"]
[BlackElo "2255"]
[PlyCount "55"]
[EventDate "2019.10.20"]
[EventType "team-tourn"]
[EventRounds "11"]
[EventCountry "CZE"]
[SourceTitle "CBM 192 Extra"]
[Source "Chessbase"]
[SourceDate "2019.11.06"]
[SourceVersion "1"]
[SourceVersionDate "2019.11.06"]
[SourceQuality "1"]
[WhiteTeam "Poruba Slavoj II"]
[BlackTeam "Stare Mesto"]
[WhiteTeamCountry "CZE"]
[BlackTeamCountry "CZE"]

1. e4 c5 2. Nf3 d6 3. d4 cxd4 4. Nxd4 Nf6 5. Nc3 Nc6 6. g3 g6 7. Bg2 Nxd4 8. Qxd4 Bg7 9. 0-0 0-0 10. h3 Be6 11. Qd1 Nd7 12. Nd5 Re8 13. c3 b5 14. a4 Bxd5 15. exd5 bxa4 16. Qxa4 Nc5 17. Qc4 a5 18. Be3 Qb6 19. b4 Qa6 20. Qxa6 Nxa6 21. b5 Nc5 22. Bxc5 dxc5 23. d6 exd6 24. Bxa8 Rxa8 25. Ra3 Bf6 26. Rd1 c4 27. Rxd6 Be7 28. Ra6 1-0